000
00255nam a22000977a 4500
008
221031b |||||||| |||| 00| 0 eng d
020
_a
9789394417007
100
_a
Sharma R.D
245
_a
Mathematics-IX (Term 1 & 2)
260
_a
New Delhi
_b
Dhanpat
_c
2022-2023
999
_c
12104
_d
12104